Teória pravdepodobnosti

Gespeichert in:
Bibliographische Detailangaben
1. Verfasser: Horáková, Galina
Körperschaft: Ekonomická univerzita v Bratislave. Fakulta hospodárskej informatiky
Weitere Verfasser: Kozubík, Aleš
Format: Buch
Sprache:Slowakisch
Veröffentlicht: Bratislava Vydavateľstvo Ekonóm 1998
Ausgabe:2. preprac. vyd.
Schlagworte:
Tags: Tag hinzufügen
Keine Tags, Fügen Sie das erste Tag hinzu!

MARC

LEADER 00000nam a2200000 4500
001 c100412
005 20221123133602.4
020 |a 80-225-0979-5 
041 0 |a slo 
044 |a SK 
245 1 0 |a Teória pravdepodobnosti  |c Galina Horáková, Aleš Kozubík 
250 |a 2. preprac. vyd. 
264 1 |a Bratislava  |b Vydavateľstvo Ekonóm  |c 1998 
300 |a 190 s. 
610 2 0 |a pravdepodobnosť 
610 2 0 |a štatistika matematická 
610 2 0 |a teória pravdepodobnosti 
100 1 |a Horáková, Galina 
700 1 |a Kozubík, Aleš 
710 2 |a Ekonomická univerzita v Bratislave. Fakulta hospodárskej informatiky